[Event "Ljubljana-chT 66th Superliga"]
[Site "Ljubljana"]
[Date "2013.02.14"]
[Round "5.2"]
[White "Ocepek, Martin"]
[Black "Vavpetic, Vide"]
[Result "1/2-1/2"]
[WhiteElo "2100"]
[BlackElo "2110"]
[PlyCount "21"]
[EventDate "2013.01.10"]
[EventType "team-tourn"]
[EventRounds "9"]
[EventCountry "SLO"]
[SourceTitle "EXT 2022"]
[Source "ChessBase"]
[SourceDate "2021.10.06"]
[SourceVersion "1"]
[SourceVersionDate "2021.10.06"]
[SourceQuality "1"]
[WhiteTeam "Zagorje ob Savi"]
[BlackTeam "Domzale SD"]
[WhiteTeamCountry "SLO"]
[BlackTeamCountry "SLO"]

1. d4 Nf6 2. c4 g6 3. Nc3 Bg7 4. e4 d6 5. Nf3 0-0 6. Be2 Na6 7. 0-0 c5 8. d5 Nc7 9. h3 a6 10. a4 Rb8 11. Bf4 1/2-1/2

[Event "SLO-chT Central Superliga 13th"]
[Site "Slovenia"]
[Date "2012.09.27"]
[Round "3.1"]
[White "Markoja, Sebastijan"]
[Black "Vavpetic, Vide"]
[Result "1-0"]
[WhiteElo "2049"]
[BlackElo "2124"]
[PlyCount "61"]
[EventDate "2012.09.13"]
[EventType "team-tourn"]
[EventRounds "7"]
[EventCountry "SLO"]
[SourceTitle "EXT 2022"]
[Source "ChessBase"]
[SourceDate "2021.10.06"]
[SourceVersion "1"]
[SourceVersionDate "2021.10.06"]
[SourceQuality "1"]
[WhiteTeam "Komenda Pogi"]
[BlackTeam "Sahara Dogs"]
[WhiteTeamCountry "SLO"]
[BlackTeamCountry "SLO"]

1. e4 d6 2. d4 Nf6 3. Nc3 g6 4. f4 Bg7 5. Nf3 0-0 6. Bd3 c6 7. 0-0 b5 8. e5 Nfd7 9. Ne4 Nb6 10. c3 a5 11. Qe1 Na6 12. Qh4 f5 13. Neg5 h6 14. Nh3 b4 15. Qg3 Kh7 16. Nh4 Qe8 17. Re1 Qf7 18. Bd2 c5 19. Re2 Na4 20. Bb5 Nxb2 21. Nf3 Qg8 22. exd6 exd6 23. Rae1 Bf6 24. Re8 Nc7 25. R1e7+ Kh8 26. Rxf8 Qxf8 27. Rxc7 Bd8 28. Nh4 Bxc7 29. Nxg6+ Kg7 30. Nxf8+ Kxf8 31. Qg6 1-0

[Event "Ljubljana-chT 65th Superliga"]
[Site "Ljubljana"]
[Date "2012.03.08"]
[Round "7.2"]
[White "Vavpetic, Vide"]
[Black "Bratko, Ivan"]
[Result "1/2-1/2"]
[WhiteElo "2153"]
[BlackElo "2214"]
[PlyCount "46"]
[EventDate "2012.01.12"]
[EventType "team-tourn"]
[EventRounds "9"]
[EventCountry "SLO"]
[SourceTitle "EXT 2022"]
[Source "ChessBase"]
[SourceDate "2021.10.06"]
[SourceVersion "1"]
[SourceVersionDate "2021.10.06"]
[SourceQuality "1"]
[WhiteTeam "Domzale SD"]
[BlackTeam "Mentor"]
[WhiteTeamCountry "SLO"]
[BlackTeamCountry "SLO"]

1. e4 c5 2. c3 Nf6 3. e5 Nd5 4. d4 cxd4 5. Qxd4 e6 6. Bc4 Nc6 7. Qe4 d6 8. Nf3 dxe5 9. Nxe5 Nxe5 10. Qxe5 Qd6 11. Qe2 Be7 12. 0-0 0-0 13. Rd1 Rd8 14. Bd3 Qc7 15. Be4 Nf6 16. Rxd8+ Qxd8 17. Bf3 Qc7 18. Nd2 Bd7 19. c4 Bd6 20. g3 Rd8 21. Nb3 Bc6 22. Bxc6 Qxc6 23. Be3 b6 1/2-1/2

[Event "Ljubljana-chT 64th Superliga"]
[Site "Ljubljana"]
[Date "2011.01.20"]
[Round "2.2"]
[White "Vavpetic, Vide"]
[Black "Kobold, Andrej"]
[Result "1-0"]
[WhiteElo "2161"]
[BlackElo "1820"]
[PlyCount "41"]
[EventDate "2011.01.13"]
[EventType "team-tourn"]
[EventRounds "9"]
[EventCountry "SLO"]
[SourceTitle "EXT 2022"]
[Source "ChessBase"]
[SourceDate "2021.10.06"]
[SourceVersion "1"]
[SourceVersionDate "2021.10.06"]
[SourceQuality "1"]
[WhiteTeam "Domzale SD"]
[BlackTeam "Komenda Pogi"]
[WhiteTeamCountry "SLO"]
[BlackTeamCountry "SLO"]

1. e4 g6 2. d4 Bg7 3. Nc3 c6 4. Bc4 d5 5. exd5 cxd5 6. Bxd5 e6 7. Bf3 Qxd4 8. Qxd4 Bxd4 9. Nge2 Bxc3+ 10. Nxc3 a6 11. Ne4 Ke7 12. b3 Nc6 13. Ba3+ Kd8 14. 0-0-0+ Kc7 15. Bb2 e5 16. Nd6 Nge7 17. Nxf7 Rf8 18. Nxe5 Bf5 19. Rhe1 Rac8 20. Ba3 Rfe8 21. Nc4 1-0

[Event "Ljubljana-chT 63rd Superliga"]
[Site "Ljubljana"]
[Date "2010.03.11"]
[Round "8.2"]
[White "Solmajer, Luka"]
[Black "Vavpetic, Vide"]
[Result "1-0"]
[WhiteElo "2063"]
[BlackElo "2224"]
[PlyCount "45"]
[EventDate "2010.01.07"]
[EventType "team-tourn"]
[EventRounds "9"]
[EventCountry "SLO"]
[SourceTitle "EXT 2022"]
[Source "ChessBase"]
[SourceDate "2021.10.06"]
[SourceVersion "1"]
[SourceVersionDate "2021.10.06"]
[SourceQuality "1"]
[WhiteTeam "Farmacija"]
[BlackTeam "Domzale SD"]
[WhiteTeamCountry "SLO"]
[BlackTeamCountry "SLO"]

1. d4 Nf6 2. c4 g6 3. Nc3 Bg7 4. e4 d6 5. f3 0-0 6. Bg5 Na6 7. Qd2 c5 8. d5 Re8 9. g4 Nc7 10. h4 e6 11. 0-0-0 a6 12. e5 dxe5 13. d6 Ncd5 14. cxd5 b5 15. Bxf6 Bxf6 16. g5 Bg7 17. Bh3 f5 18. gxf6 Bxf6 19. Ne4 Bxh4 20. dxe6 Bxe6 21. d7 Re7 22. Bxe6+ Rxe6 23. Rxh4 1-0

[Event "Ljubljana-chT 63rd Superliga"]
[Site "Ljubljana"]
[Date "2010.03.04"]
[Round "7.2"]
[White "Vavpetic, Vide"]
[Black "Crepan, Marjan"]
[Result "0-1"]
[WhiteElo "2224"]
[BlackElo "2320"]
[PlyCount "48"]
[EventDate "2010.01.07"]
[EventType "team-tourn"]
[EventRounds "9"]
[EventCountry "SLO"]
[SourceTitle "EXT 2022"]
[Source "ChessBase"]
[SourceDate "2021.10.06"]
[SourceVersion "1"]
[SourceVersionDate "2021.10.06"]
[SourceQuality "1"]
[WhiteTeam "Domzale SD"]
[BlackTeam "Podpec MKK"]
[WhiteTeamCountry "SLO"]
[BlackTeamCountry "SLO"]

1. e4 e5 2. Nf3 Nc6 3. d4 exd4 4. Nxd4 Bc5 5. Nb3 Bb6 6. c4 d6 7. Nc3 Nge7 8. Na4 0-0 9. Nxb6 axb6 10. Bd3 f5 11. f4 fxe4 12. Bxe4 Bf5 13. Bf3 Nb4 14. Nd4 Nd3+ 15. Kf1 Bg6 16. Kg1 Nc6 17. Nxc6 bxc6 18. g3 Qf6 19. Be3 Rae8 20. Qd2 Rxe3 21. Qxe3 Re8 22. Qd2 Qd4+ 23. Kf1 Re3 24. Bxc6 Be4 0-1

[Event "Ljubljana-chT 63rd Superliga"]
[Site "Ljubljana"]
[Date "2010.02.25"]
[Round "6.1"]
[White "Vavpetic, Vide"]
[Black "Guid, Matej"]
[Result "0-1"]
[WhiteElo "2224"]
[BlackElo "2278"]
[PlyCount "54"]
[EventDate "2010.01.07"]
[EventType "team-tourn"]
[EventRounds "9"]
[EventCountry "SLO"]
[SourceTitle "EXT 2022"]
[Source "ChessBase"]
[SourceDate "2021.10.06"]
[SourceVersion "1"]
[SourceVersionDate "2021.10.06"]
[SourceQuality "1"]
[WhiteTeam "Domzale SD"]
[BlackTeam "Mentor"]
[WhiteTeamCountry "SLO"]
[BlackTeamCountry "SLO"]

1. e4 c5 2. c3 Nf6 3. e5 Nd5 4. d4 cxd4 5. Qxd4 e6 6. Bc4 Nc6 7. Qe4 f5 8. Qe2 Nc7 9. Nf3 b5 10. Bd3 Be7 11. Nbd2 0-0 12. Nb3 d6 13. Nbd4 Nxd4 14. Nxd4 Bb7 15. Nxb5 Nxb5 16. Bxb5 Bxg2 17. Rg1 Be4 18. Bh6 Rf7 19. Rd1 d5 20. Qh5 Bf8 21. Be2 Qb8 22. f3 Bc2 23. Rd2 Qxb2 24. Bd1 Qb6 25. Rdg2 Bxd1 26. Bxg7 Qe3+ 27. Kxd1 Rxg7 0-1

[Event "Ljubljana-chT 63rd Superliga"]
[Site "Ljubljana"]
[Date "2010.01.08"]
[Round "1.1"]
[White "Groselj, Petra"]
[Black "Vavpetic, Vide"]
[Result "1/2-1/2"]
[WhiteElo "2181"]
[BlackElo "2224"]
[PlyCount "51"]
[EventDate "2010.01.07"]
[EventType "team-tourn"]
[EventRounds "9"]
[EventCountry "SLO"]
[SourceTitle "EXT 2022"]
[Source "ChessBase"]
[SourceDate "2021.10.06"]
[SourceVersion "1"]
[SourceVersionDate "2021.10.06"]
[SourceQuality "1"]
[WhiteTeam "Domzale SD"]
[BlackTeam "Domzale SD"]
[WhiteTeamCountry "SLO"]
[BlackTeamCountry "SLO"]

1. e4 g6 2. d4 Bg7 3. Nc3 b6 4. f4 Bb7 5. Nf3 d6 6. Bd3 Nd7 7. e5 c5 8. dxc5 dxe5 9. cxb6 Qxb6 10. f5 gxf5 11. Bxf5 e6 12. Be4 Bxe4 13. Nxe4 Qb4+ 14. Nfd2 Nc5 15. Qf3 Nxe4 16. Qxe4 Qxe4+ 17. Nxe4 f5 18. Nc5 Kf7 19. 0-0 Rc8 20. Be3 Ne7 21. c4 Rhd8 22. Rad1 Nc6 23. Nb7 Rxd1 24. Rxd1 Bf8 25. Nd6+ Bxd6 26. Rxd6 1/2-1/2

[Event "SLO-chT Central Superliga 10th"]
[Site "Slovenija"]
[Date "2009.11.05"]
[Round "8.3"]
[White "Pirnat, Saso"]
[Black "Vavpetic, Vide"]
[Result "1-0"]
[WhiteElo "2050"]
[BlackElo "2224"]
[PlyCount "65"]
[EventDate "2009.09.17"]
[EventType "team-tourn"]
[EventRounds "9"]
[EventCountry "SLO"]
[SourceTitle "EXT 2022"]
[Source "ChessBase"]
[SourceDate "2021.10.06"]
[SourceVersion "1"]
[SourceVersionDate "2021.10.06"]
[SourceQuality "1"]
[WhiteTeam "Visnja Gora Sticna"]
[BlackTeam "Domzale SD"]
[WhiteTeamCountry "SLO"]
[BlackTeamCountry "SLO"]

1. d4 Nf6 2. Nc3 g6 3. e4 d6 4. Nf3 c6 5. Be2 Bg7 6. 0-0 0-0 7. h3 Nbd7 8. Be3 e5 9. dxe5 dxe5 10. Qd6 Re8 11. Bc4 Qe7 12. Qxe7 Rxe7 13. a4 Nf8 14. a5 Be6 15. Bd3 Nh5 16. Rfd1 Nf4 17. Bf1 f6 18. Na4 Nd7 19. Rd6 Bf8 20. Bxf4 exf4 21. Rxe6 Rxe6 22. Bc4 Rae8 23. Nd4 Ne5 24. Bxe6+ Kh8 25. Ba2 Bb4 26. Nb3 f3 27. c3 Bf8 28. Rd1 fxg2 29. Kxg2 g5 30. Nbc5 Ng6 31. Ne6 Nh4+ 32. Kg3 f5 33. Nxg5 1-0

[Event "Ljubljana-chT 62nd 1st League"]
[Site "Ljubljana"]
[Date "2009.03.12"]
[Round "9.1"]
[White "Vavpetic, Vide"]
[Black "Coklin, Marko"]
[Result "1-0"]
[WhiteElo "2243"]
[BlackElo "2205"]
[PlyCount "138"]
[EventDate "2009.01.08"]
[EventType "team-tourn"]
[EventRounds "9"]
[EventCountry "SLO"]
[SourceTitle "EXT 2022"]
[Source "ChessBase"]
[SourceDate "2021.10.06"]
[SourceVersion "1"]
[SourceVersionDate "2021.10.06"]
[SourceQuality "1"]
[WhiteTeam "Domzale SD"]
[BlackTeam "Komenda Utrdba"]
[WhiteTeamCountry "SLO"]
[BlackTeamCountry "SLO"]

1. e4 c5 2. c3 d5 3. exd5 Qxd5 4. Na3 e6 5. Nf3 Nf6 6. d4 a6 7. Nc4 Nbd7 8. a4 cxd4 9. Qxd4 Bc5 10. Qh4 0-0 11. Be2 e5 12. Be3 e4 13. Nd4 Ne5 14. Nxe5 Qxe5 15. Bf4 Qe7 16. Rd1 Rd8 17. 0-0 h6 18. Qg3 Kh7 19. Be5 Rd5 20. Nf5 Qf8 21. Rxd5 Nxd5 22. Bxg7 Qd8 23. Bxh6 Qf6 24. Be3 Nxe3 25. fxe3 Bxf5 26. Bg4 Qg7 27. Bxf5+ Kg8 28. Qf4 Re8 29. Kh1 Qe5 30. Qg5+ Kf8 31. g3 Re6 32. Qd8+ Re8 33. Qg5 Re6 34. Qf4 Qxf4 35. Rxf4 Rb6 36. b4 Bxe3 37. Rxe4 Bd2 38. Rc4 Rf6 39. g4 Bg5 40. Kg2 Rd6 41. Kg3 Rd1 42. h4 Bd2 43. Rc7 b5 44. axb5 axb5 45. Kf3 Rc1 46. Rc8+ Kg7 47. Ke2 Be1 48. Bd7 Bxc3 49. Kd3 Rd1+ 50. Kxc3 Rxd7 51. Rc5 Rb7 52. Kd4 Kf6 53. Rc6+ Ke7 54. Kc5 Rb8 55. g5 Rh8 56. Rh6 Rb8 57. h5 Rg8 58. g6 fxg6 59. Rxg6 Rb8 60. Rb6 Rh8 61. h6 Kd7 62. Kxb5 Kc7 63. Rg6 Rf8 64. Rg7+ Kd6 65. Kb6 Rb8+ 66. Rb7 Rc8 67. h7 Rh8 68. b5 Rf8 69. Rg7 Rh8 1-0

[Event "Ljubljana-chT 62nd 1st League"]
[Site "Ljubljana"]
[Date "2009.02.19"]
[Round "7.2"]
[White "Abe, Aljaz"]
[Black "Vavpetic, Vide"]
[Result "0-1"]
[WhiteElo "1618"]
[BlackElo "2243"]
[PlyCount "54"]
[EventDate "2009.01.08"]
[EventType "team-tourn"]
[EventRounds "9"]
[EventCountry "SLO"]
[SourceTitle "EXT 2022"]
[Source "ChessBase"]
[SourceDate "2021.10.06"]
[SourceVersion "1"]
[SourceVersionDate "2021.10.06"]
[SourceQuality "1"]
[WhiteTeam "Loka pri Mengsu"]
[BlackTeam "Domzale SD"]
[WhiteTeamCountry "SLO"]
[BlackTeamCountry "SLO"]

1. d4 Nf6 2. Nf3 g6 3. c4 c5 4. Nc3 cxd4 5. Nxd4 Nc6 6. Nxc6 bxc6 7. Bf4 Bg7 8. e3 0-0 9. Bd3 d6 10. 0-0 Rb8 11. Rb1 e5 12. Bg5 h6 13. Bxf6 Bxf6 14. Qc2 Kg7 15. Rfd1 Be7 16. Be4 Qc7 17. b4 f5 18. Bf3 e4 19. Be2 Be6 20. Qb2 Bf6 21. Qd2 Rfd8 22. f3 d5 23. c5 d4 24. exd4 Rxd4 25. Qxd4 Bxd4+ 26. Rxd4 Qe5 27. Rbd1 exf3 0-1

[Event "Ljubljana-chT 62nd 1st League"]
[Site "Ljubljana"]
[Date "2009.01.08"]
[Round "1.2"]
[White "Vavpetic, Vide"]
[Black "Kuncic, Milenko"]
[Result "1-0"]
[WhiteElo "2243"]
[BlackElo "1663"]
[PlyCount "59"]
[EventDate "2009.01.08"]
[EventType "team-tourn"]
[EventRounds "9"]
[EventCountry "SLO"]
[SourceTitle "EXT 2022"]
[Source "ChessBase"]
[SourceDate "2021.10.06"]
[SourceVersion "1"]
[SourceVersionDate "2021.10.06"]
[SourceQuality "1"]
[WhiteTeam "Domzale SD"]
[BlackTeam "Zeleznicar"]
[WhiteTeamCountry "SLO"]
[BlackTeamCountry "SLO"]

1. e4 c5 2. c3 d6 3. d4 cxd4 4. cxd4 e6 5. Nc3 a6 6. Nf3 Nf6 7. a4 Nc6 8. Bf4 Be7 9. Rc1 0-0 10. Bd3 Nxd4 11. Nxd4 e5 12. Be3 exd4 13. Bxd4 Be6 14. 0-0 d5 15. Bxf6 Bxf6 16. Nxd5 Bxb2 17. Rb1 Be5 18. Rxb7 Qh4 19. g3 Qh3 20. Qe2 Rfd8 21. Ne7+ Kf8 22. Nc6 Bg4 23. f3 Rxd3 24. Nxe5 Rd7 25. Nxd7+ Bxd7 26. Qd3 Be6 27. Qd6+ Kg8 28. Rb8+ Rxb8 29. Qxb8+ Bc8 30. Rc1 1-0

[Event "SLO-chT1 West"]
[Site "Ljubljana"]
[Date "2008.11.22"]
[Round "8.3"]
[White "Vavpetic, Vide"]
[Black "Susnik, Matej"]
[Result "1-0"]
[WhiteElo "2237"]
[BlackElo "2161"]
[PlyCount "143"]
[EventDate "2008.11.13"]
[EventType "team-tourn"]
[EventRounds "9"]
[EventCountry "SLO"]
[SourceTitle "EXT 2010"]
[Source "ChessBase"]
[SourceDate "2010.11.25"]
[SourceVersion "1"]
[SourceVersionDate "2010.11.25"]
[SourceQuality "1"]
[WhiteTeam "Domzale"]
[BlackTeam "Kranj Tomo Zupan"]
[WhiteTeamCountry "SLO"]
[BlackTeamCountry "SLO"]

1. e4 c5 2. c3 e6 3. d4 d5 4. exd5 exd5 5. Nf3 Nc6 6. Be3 c4 7. b3 cxb3 8. axb3 Bd6 9. Bd3 Nge7 10. 0-0 0-0 11. Qd2 Bg4 12. Ng5 Bf5 13. g4 Bxd3 14. Qxd3 g6 15. f4 h6 16. f5 gxf5 17. gxf5 hxg5 18. f6 Ng6 19. Bxg5 Qd7 20. Ra2 Rfe8 21. Rg2 Re4 22. Qf3 Rae8 23. Nd2 Re1 24. h4 Rxf1+ 25. Nxf1 Qe6 26. h5 Qe4 27. Qh3 Qe6 28. Qxe6 Rxe6 29. hxg6 fxg6 30. Ne3 Kf7 31. Kf2 Re8 32. Nxd5 Nd8 33. Bf4 Bxf4 34. Nxf4 Rg8 35. Nd5 Ne6 36. Ne7 Rd8 37. Nxg6 Kxf6 38. Ne5 Rh8 39. Ke3 Rh3+ 40. Kd2 Nf4 41. Rf2 Kg5 42. Kc2 Nd5 43. Nd3 Ne3+ 44. Kd2 Nf5 45. Nc5 Nd6 46. Re2 b6 47. Ne4+ Nxe4+ 48. Rxe4 Kf6 49. Re3 Rh7 50. Kd3 Rc7 51. c4 a5 52. d5 Rb7 53. Kd4 Kf7 54. d6 Ra7 55. Kd5 a4 56. bxa4 Rxa4 57. Rb3 Ra5+ 58. Rb5 Ra6 59. Kc6 Ra4 60. Rxb6 Rxc4+ 61. Kd7 Rc1 62. Rb4 Ra1 63. Rf4+ Kg7 64. Kd8 Ra8+ 65. Ke7 Ra1 66. Rg4+ Kh7 67. d7 Re1+ 68. Kd6 Rd1+ 69. Ke6 Rd2 70. Rg5 Re2+ 71. Re5 Rd2 72. Rd5 1-0

[Event "SLO-chT1 West"]
[Site "Otocec"]
[Date "2006.11.25"]
[Round "8"]
[White "Vavpetic, Vide"]
[Black "Ursic, Simona"]
[Result "1-0"]
[WhiteElo "2236"]
[BlackElo "2100"]
[PlyCount "107"]
[EventDate "2006.11.16"]
[EventType "team"]
[EventRounds "9"]
[EventCountry "SLO"]
[SourceTitle "EXT 2008"]
[Source "ChessBase"]
[SourceDate "2007.11.25"]
[SourceVersion "1"]
[SourceVersionDate "2007.11.25"]
[SourceQuality "1"]

1. e4 e5 2. Nf3 Nc6 3. d4 exd4 4. Nxd4 Bc5 5. Nxc6 Qf6 6. Qd2 dxc6 7. Bd3 Be6 8. 0-0 0-0-0 9. Qg5 Bd4 10. Nc3 Qxg5 11. Bxg5 f6 12. Bd2 Ne7 13. Nd1 Ng6 14. Be3 Ne5 15. Be2 Rhe8 16. Re1 Nc4 17. Bxc4 Bxc4 18. Bxd4 Rxd4 19. f3 Rd2 20. Ne3 Be2 21. Rac1 g6 22. Nf1 Bxf1 23. Kxf1 Red8 24. Re2 R8d6 25. Rce1 Kd7 26. Rxd2 Rxd2 27. Re2 Rd4 28. Kf2 Ke6 29. Ke3 c5 30. Rd2 Rd6 31. c4 a6 32. b3 b6 33. f4 Rxd2 34. Kxd2 g5 35. Ke3 h5 36. Kf3 c6 37. fxg5 fxg5 38. h4 gxh4 39. Kf4 Kf6 40. e5+ Ke6 41. Ke4 Ke7 42. Kf5 Kf7 43. e6+ Ke7 44. Ke5 Ke8 45. Kd6 Kd8 46. Kxc6 Ke7 47. Kd5 Ke8 48. Kd6 Kd8 49. a4 a5 50. e7+ Ke8 51. Ke6 b5 52. cxb5 h3 53. gxh3 c4 54. b6 1-0

[Event "SLO-chT West"]
[Site "Bled"]
[Date "2004.11.14"]
[Round "9"]
[White "Vavpetic, Vide"]
[Black "Pazlar, Marko"]
[Result "1/2-1/2"]
[WhiteElo "2234"]
[BlackElo "2036"]
[PlyCount "64"]
[EventDate "2004.11.05"]
[EventType "team"]
[EventRounds "9"]
[EventCountry "SLO"]
[SourceTitle "EXT 2009"]
[Source "ChessBase"]
[SourceDate "2008.11.26"]
[SourceVersion "1"]
[SourceVersionDate "2008.11.26"]
[SourceQuality "1"]

1. e4 e6 2. c4 d5 3. cxd5 exd5 4. exd5 Nf6 5. Nc3 Nxd5 6. Bc4 Nxc3 7. bxc3 Bd6 8. Qe2+ Qe7 9. d4 Qxe2+ 10. Nxe2 0-0 11. Bf4 Nc6 12. Bxd6 cxd6 13. Kd2 Be6 14. Bd3 Na5 15. Nf4 Rac8 16. Rhe1 Rfe8 17. Bb5 Nc4+ 18. Kd1 Bg4+ 19. f3 Rxe1+ 20. Kxe1 Na3 21. Bd3 Be6 22. Nxe6 fxe6 23. Kd2 Nc4+ 24. Bxc4 Rxc4 25. Rb1 b6 26. Kd3 Ra4 27. Rb2 d5 28. f4 Kf7 29. Rf2 Kf6 30. g4 g6 31. h3 Ra3 32. Rb2 Ra4 1/2-1/2

[Event "SLO-chT West"]
[Site "Bled"]
[Date "2004.11.13"]
[Round "8"]
[White "Vavpetic, Vide"]
[Black "Brcar, Andrej"]
[Result "1-0"]
[WhiteElo "2234"]
[BlackElo "2104"]
[PlyCount "93"]
[EventDate "2004.11.05"]
[EventType "team"]
[EventRounds "9"]
[EventCountry "SLO"]
[SourceTitle "EXT 2009"]
[Source "ChessBase"]
[SourceDate "2008.11.26"]
[SourceVersion "1"]
[SourceVersionDate "2008.11.26"]
[SourceQuality "1"]

1. e4 e5 2. Nf3 Nc6 3. d4 exd4 4. Nxd4 Bc5 5. Nxc6 Qf6 6. Qd2 dxc6 7. Bd3 Be6 8. 0-0 Ne7 9. Nc3 0-0 10. Qf4 Qxf4 11. Bxf4 Bd6 12. e5 Bb4 13. Ne4 Nd5 14. Bg3 Be7 15. a3 Rad8 16. Rae1 Nb6 17. f4 Bc4 18. f5 Bxd3 19. cxd3 Rxd3 20. f6 gxf6 21. exf6 Bd6 22. Nxd6 cxd6 23. Re7 h5 24. Rxb7 Kh7 25. Rxa7 Kg6 26. Ra6 Nc4 27. Rxc6 d5 28. a4 Ra8 29. Ra1 Nxb2 30. a5 Nc4 31. a6 Ra3 32. Rxa3 Nxa3 33. Bf2 Kf5 34. a7 Ke4 35. Rc7 d4 36. Re7+ Kd3 37. Rxf7 Nb5 38. Rb7 Rc8 39. h4 Kc3 40. Bxd4+ Nxd4 41. Rc7+ Rxc7 42. a8Q Kd3 43. Qd5 Rc1+ 44. Kh2 Rf1 45. f7 Ke3 46. Qe5+ Kd3 47. Qxh5 1-0

[Event "SLO-chT West"]
[Site "Bled"]
[Date "2004.11.07"]
[Round "4"]
[White "Vavpetic, Vide"]
[Black "Luzar, Emil"]
[Result "1-0"]
[WhiteElo "2234"]
[BlackElo "2201"]
[PlyCount "55"]
[EventDate "2004.11.05"]
[EventType "team"]
[EventRounds "9"]
[EventCountry "SLO"]
[SourceTitle "EXT 2009"]
[Source "ChessBase"]
[SourceDate "2008.11.26"]
[SourceVersion "1"]
[SourceVersionDate "2008.11.26"]
[SourceQuality "1"]

1. e4 c5 2. c3 d5 3. exd5 Qxd5 4. Nf3 Nf6 5. Na3 e6 6. d4 cxd4 7. Nb5 Qd8 8. Nbxd4 Be7 9. Bf4 0-0 10. Bd3 Nc6 11. Nxc6 bxc6 12. Qe2 Nd5 13. Bg3 f5 14. Be5 Bd6 15. Rd1 Bxe5 16. Qxe5 Qf6 17. 0-0 Qxe5 18. Nxe5 Rb8 19. Rd2 Rb6 20. c4 Nb4 21. c5 Rb7 22. Bc4 Nd5 23. Re1 Rc7 24. Nxc6 Bb7 25. Rxe6 Rxc6 26. Rxc6 Bxc6 27. Bxd5+ Bxd5 28. Rxd5 1-0

[Event "SLO-chT2W"]
[Site "Bled"]
[Date "2003.11.14"]
[Round "6"]
[White "Karamehic, Berin"]
[Black "Vavpetic, Vide"]
[Result "0-1"]
[WhiteElo "1671"]
[BlackElo "2239"]
[PlyCount "46"]
[EventDate "2003.11.07"]
[EventType "team"]
[EventRounds "8"]
[EventCountry "SLO"]
[SourceTitle "EXT 2005"]
[Source "ChessBase"]
[SourceDate "2004.11.15"]
[SourceVersion "1"]
[SourceVersionDate "2004.11.15"]
[SourceQuality "1"]

1. e4 d6 2. d4 Nf6 3. Nc3 g6 4. Bg5 c6 5. Qd2 Bg7 6. Nf3 0-0 7. 0-0-0 b5 8. Be3 b4 9. Ne2 Qa5 10. Kb1 Na6 11. Nc1 Rb8 12. Nb3 Qb6 13. Bh6 Nc7 14. h4 Bxh6 15. Qxh6 Ng4 16. Qd2 h5 17. e5 Kg7 18. Ng5 a5 19. f3 Nh6 20. Ne4 a4 21. exd6 exd6 22. Qg5 axb3 23. Nf6 Ng8 0-1